<?xml version="1.0" encoding="UTF-8"?>
<marc:record xmlns:marc="http://www.loc.gov/MARC21/slim">
   <marc:leader>00000nam a2200000 a 4500</marc:leader>
   <marc:datafield ind1="1" ind2=" " tag="100">
      <marc:subfield code="a">McQuiston, Casey</marc:subfield>
      <marc:subfield code="4">aut</marc:subfield>
      <marc:subfield code="e">Verfasser/-in</marc:subfield>
   </marc:datafield>
   <marc:datafield ind1="0" ind2="0" tag="245">
      <marc:subfield code="a">Red, White and Royal Blue</marc:subfield>
   </marc:datafield>
   <marc:datafield ind1="0" ind2="0" tag="245">
      <marc:subfield code="b">true love isn't always diplomatic</marc:subfield>
   </marc:datafield>
   <marc:datafield ind1="0" ind2="0" tag="245">
      <marc:subfield code="c">McQuiston, Casey</marc:subfield>
   </marc:datafield>
   <marc:datafield ind1=" " ind2="1" tag="264">
      <marc:subfield code="a">London</marc:subfield>
      <marc:subfield code="b">Vintage</marc:subfield>
      <marc:subfield code="c">2022</marc:subfield>
   </marc:datafield>
   <marc:datafield ind1=" " ind2=" " tag="250">
      <marc:subfield code="a">7. Auflage</marc:subfield>
   </marc:datafield>
   <marc:datafield ind1="1" ind2=" " tag="520">
      <marc:subfield code="a">What happens when America's first son falls in love with the Prince of Wales?&#xD;
&#xD;
Alex Claremont-Diaz is handsome, charismatic, a genius - pure millenial-marketing gold for the White House ever since his mother first became President of the United States. There's only one problem. When the tabloids get hold of a photo involving an altercation between Alex and Prince Henry, U.S./British relations take a turn for the worse.&#xD;
&#xD;
Heads of family and state devise a plan for damage control: stage a truce. But what begins as a fake, Instagrammable friendship grows deeper, and more dangerous, than either Alex or Henry could have imagined. Soon they are hurtling into a secret romance that could derail the presidential campaign and upend two nations.&#xD;
&#xD;
"Outrageously fun. It is romantic, sexy, witty and thrilling. I loved every second.!&#xD;
Taylor Jenkins Reid New-York Times-bestselling author of Daisy and Jones &amp; the six and the seven husband of Evelyn Hugo.</marc:subfield>
   </marc:datafield>
   <marc:datafield ind1=" " ind2=" " tag="020">
      <marc:subfield code="a">9781529099461</marc:subfield>
      <marc:subfield code="9">9781529099461</marc:subfield>
   </marc:datafield>
   <marc:datafield ind1=" " ind2=" " tag="300">
      <marc:subfield code="a">440 Seiten</marc:subfield>
   </marc:datafield>
</marc:record>
